LEADER 00873nam a2200193 i 4500 001 000000243206 003 CaOOAMICUS 005 20150625000000.0 008 150625s1905 it u000 u ita u 013 $a222111 040 $aSeMil$bita 245 10$aVol. 9. 300 $a463 p. 490 0 $aCollezione Pietro Marietti ;$v287 773 0 $aFerreiroa, Urbano $tStoria apologetica dei papi da S. Pietro al pontefice regnante.$bPrima traduzione italiana eseguita sulla 1. edizione spagnuola con approvazione dell'autore per cura del sac. Benedetto Neri.$dTorino : Tipografia pontificia Pietro Marietti, 1898-1906.$g9$w()32105 830 0$aCollezione Pietro Marietti ;$v287.$0(OLS)http://semarc/title/6569 850 $aSeMil 852 $aSeMil$W1$xVenegono$y1$m3E V 30 FA$j193552$B193552$CSeMilBibl$Z2$F204307 $8I 996 $6245$aVol. 9$9(OLS)http://semarc/title/111148 LEADER 00928nam a2200205 i 4500 001 000000016942 003 CaOOAMICUS 005 20180830125443.0 008 180830s1964 it u000 u ita u 040 $aSeMil$bita 245 10$aGiotto /$c[ Giovanni Previtali ]. 260 $aMilano :$bFabbri,$ccopyr. 1964. 300 $a2 v. ([12] p., 34 p. di tav.) ;$c36 cm. 600 14$aGiotto : di Bondone .$0(OLS)http://semarc/subject/2766 700 1 $aPrevitali, Giovanni <1934-1988>.$0(OLS)http://semarc/name/89584 773 0 $tMaestri del colore.$dMilano : Fabbri, copyr. 1963-copyr. 1969.$w()1275 774 0 $tPrima parte.$kMaestri del colore : la pił grande collana d'arte del mondo$w()156393 774 0 $tSeconda parte.$kMaestri del colore : la pił grande collana d'arte del mondo$w()156400 996 $6245$aGiotto$9(OLS)http://semarc/title/22406 996 $6260$aMilano :$bFabbri$9(OLS)http://semarc/publisher/30054